000 00286nam a2200121 i 4500
001 bg
245 0 _aNapęd główny i energoelektryczne układy okrętowe.
260 _aSzczecin,
_c1974.
040 _cBPK
041 _apol
942 _cKS
008 s pl f |000 0 pol
999 _c15773
_d15773
856 _uhttp://koha.tu.koszalin.pl/cgi-bin/koha/opac-detail.pl?biblionumber=15773
_yKatalog online BPK